La Creación según que se contiene en el primer capítulo del Génesis

Saved in:
Bibliografiske detaljer
Hovedforfatter: Mir y Noguera, Juan (autor)
Format: Bog
Sprog:spansk
Udgivet: Madrid Gregorio del Amo 1891
Udgivelse:2a. ed
Fag:
Tags: Tilføj Tag
Ingen Tags, Vær først til at tagge denne postø!

MARC

LEADER 00000cam a2200000 a 4500
001 UCD2701
003 CL-VaPUC
008 160505e18910000sp |||||||||||||||||spa|d
082 0 4 |a 222.11  |b MIR  |2 21 
100 |a Mir y Noguera, Juan  |e autor  |9 586058 
245 1 3 |a La Creación según que se contiene en el primer capítulo del Génesis 
250 |a 2a. ed 
300 |a 937 p 
942 |c BK 
945 |d 20160505 16:04:00  |a dcastane 
260 |a Madrid  |b Gregorio del Amo  |c 1891 
650 0 |a Creación   |9 313344 
650 0 |a Génesis  |9 334078 
583 |a last modification  |c 20160505 16:04:00  |k Rodrigo Vera 
999 |c 363823  |d 363821 
952 |0 0  |1 0  |3 erd  |4 0  |6 222_110000000000000_MIR_1891  |7 0  |8 X  |9 476613  |a BIBTEO  |b BIBTEO  |c TEO_FFR  |i 5230837  |o 222.11 MIR 1891  |p 5230837  |r 2024-01-18  |w 2019-11-24  |y BK_X  |z Catalogado en:20160505  |k OFM 
952 |0 0  |1 0  |3 erd  |4 0  |6 222_110000000000000_MIR_1891  |7 0  |8 X  |9 476614  |a BIBTEO  |b BIBTEO  |c TEO_FFR  |i 5230845  |o 222.11 MIR 1891  |p 5230845  |r 2024-01-18  |w 2019-11-24  |y BK_X  |z Catalogado en:20160505  |k OFM